000
00341nam a2200145Ia 4500
008
150201s2012 xx 000 0 und d
082
_a
610
_b
C12S
100
_a
SIDHU, GURSARAN
245
_a
CLINICAL MEDICINE UPDATE-15
250
_a
1ST
260
_b
IACM
_a
DELHI
_c
2012
300
_a
1-312
650
_a
GENERAL MEDICINE
942
_2
ddc
_c
BK
999
_c
1734
_d
1734